• 首页
  • 本馆介绍
  • 公告通知
  • 最新文献
  • 馆藏检索
  • 电子资源
  • 读者导购
  • 参考咨询
  • 我的图书馆
  • 登录
  • 详细信息显示
  • 放入我的书架
  • 预约/预借图书
  • 作者相关作品
  • 分类相关作品
  • 丛书相关作品
  • 出版社相关作品

书目信息

  • 表格格式
  • 工作单格式
  • 卡片格式
题名:
公民健康与社会理论
    
 
作者: 景军 著
分册:  
出版信息: 北京   社会科学文献出版社·社会学出版中心  2019
页数: 337页
开本: 23cm
丛书名: 玉润健康研究文库
单 册:
中图分类: R193 , C91
科图分类:
主题词: 健康教育--研究--中国 , 社会学--研究--中国
电子资源:
ISBN: 978-7-5201-3552-8
000 01717oam2 2200313 450
001 012001012671
005 20140108184133.0
010    @a978-7-5201-3552-8@dCNY89.00
100    @a20190226d2019 em y0chiy50 ea
101 0  @achi
102    @aCN@b110000
105    @ay z 000yy
106    @ar
200 1  @a公民健康与社会理论@9gong min jian kang yu she hui li lun@dCitizen's health & social theory@f景军著@zeng
210    @a北京@c社会科学文献出版社·社会学出版中心@d2019
215    @a337页@d23cm
225 1  @a玉润健康研究文库
300    @a本书属于国家社会基金重点项目阶段性成果的一部分 由北京玉润公益基金会全额资助出版
314    @a景军,男,1994年在哈佛大学人类学系获博士学位,先后担任清华大学公共健康研究中心主任,清华大学艾滋病综合研究中心副主任等。
330    @a本书将讨论公民健康与社会理论的关系,支持讨论的实证材料和用于分析的个案全部来自本土。这也就提出一个公民健康概念在中国到底意味着什么的问题。本人希望首先以中华人民共和国宪法为例,说明公民健康涉及到的公民权利与国家责任之联系,以回避不必要的误读。本书主体章节围绕一系列社会理论而展开,尤其以四个主要的社会理论为起点或参照,继而将其他社会理论作为延伸性分析的基本框架。这四个理论包括健康的社会阶梯说、健康的社会文化建构论、生物权力说以及地方生物学。为了读者的方便,我将本书主体部分分为四章,每一章开头采用扼要方式对相关理论加以概括,之后提供案例分析,所有个案分析重在细节。本书最后几页是后记,主要是为了给过多的思绪画上一个大句号。
461  0 @12001 @a玉润健康研究文库
510 1  @aCitizen's health & social theory@zeng
606 0  @a健康教育@x研究@y中国
606 0  @a社会学@x研究@y中国
690    @aR193@v5
690    @aC91@v5
701  0 @a景军@9jing jun@4著
801  0 @aCN@b上海新华@c20191020
905    @b1208151-4@dR193@e281@f4
    
    公民健康与社会理论=Citizen's health & social theory/景军著.-北京:社会科学文献出版社·社会学出版中心,2019
    337页;23cm.-(玉润健康研究文库)
    本书属于国家社会基金重点项目阶段性成果的一部分 由北京玉润公益基金会全额资助出版
    
    ISBN 978-7-5201-3552-8:CNY89.00
    本书将讨论公民健康与社会理论的关系,支持讨论的实证材料和用于分析的个案全部来自本土。这也就提出一个公民健康概念在中国到底意味着什么的问题。本人希望首先以中华人民共和国宪法为例,说明公民健康涉及到的公民权利与国家责任之联系,以回避不必要的误读。本书主体章节围绕一系列社会理论而展开,尤其以四个主要的社会理论为起点或参照,继而将其他社会理论作为延伸性分析的基本框架。这四个理论包括健康的社会阶梯说、健康的社会文化建构论、生物权力说以及地方生物学。为了读者的方便,我将本书主体部分分为四章,每一章开头采用扼要方式对相关理论加以概括,之后提供案例分析,所有个案分析重在细节。本书最后几页是后记,主要是为了给过多的思绪画上一个大句号。
●
相关链接 在E读中查询图书 在五车中查询图书 在当当中查询图书 在豆瓣中查询图书


正题名:公民健康与社会理论     索取号:R193/281         预约/预借

序号 登录号 条形码 馆藏地/架位号 状态 备注
1 1208151   212081511   第二样本阅览室/ [索取号:R193/281] 在馆    
2 1208152   212081520   第三借阅区/ [索取号:R193/281] 在馆    
3 1208153   212081539   第三借阅区/ [索取号:R193/281] 在馆    
4 1208154   212081548   第三借阅区/ [索取号:R193/281] 在馆    
唐山师范学院图书馆 欢迎您!
大连网信软件有限公司© 版权所有